000 00613cab a2200217 4500
001 WB3437-19
008 090401t1998 xxu||||| |||| 00| 0 eng d
035 _a(Sirsi) u88797
041 _aeng
245 _aBusiness and the single currency
260 _c1998
350 _a0
490 _aFinancial Times
_v28 September 1998 (2) LOAN
520 _aSurvey on British businesses and their attitudes to the introduction of the European single currency.
650 _aEURO
650 _aEUROPEAN UNION
650 _aSINGLE CURRENCY
690 _aEUROPE-SINGLE MARKET
942 _n0
948 _c02/10/1998
999 _c56146
_d56146